000 01528cam a22004694i 4500
003 PE-LiUPU
005 20250731173513.0
008 150616s r 000 0 d
035 _a(Sirsi) a7723
040 _aPE-LiUPU
_bspa
_cPE-LiUPU
_erda
049 _aPRUA
082 0 4 _a233.11
_bG88
_221
100 1 _aGuelluy, Robert,
_eautor.
245 1 3 _aLa Création.
264 1 _aBélgica :
_bDesclée,
_c1963.
300 _a164 páginas ;
_c22 cm.
336 _atext
_2rdacontent
337 _aunmediated
_2rdamedia
338 _avolume
_2rdacarrier
490 0 _aLe Mystére Chrétien. Théologie Dogmatique ;
_v4
504 _aBibliografía: páginas 109-133.
505 0 _aLa creation en general.- Les creatures en particulier.- Révélation, théologie, sciences profanes.
526 _aSEG42
526 _aSEG41
526 _aSEG40
526 _aSEG39
526 _aP94
526 _aP87
526 _aP86
526 _aP85
526 _aP77
526 _aP76
526 _aP35
650 0 4 _aCreación.
910 _ajck
_bjvq
_cjck
942 _2ddc
_cBOOK
949 _a233.11 G88
_wDEWEY
_c1
_i41334
_lCCODEBUL1
_mBUL
_p00.00
_r0
_sY
_tBOOK
_u19960703
_xTEOLOGIA
_zUNKNOWN
_0COMPRA
_o.STAFF. Colección General
994 _aC0
_bPEPRU
596 _a1
999 _a233.11 G88
_wDEWEY
_c58998
_i41334
_f2021-11-10
_g5
_lCCODEBUL1
_mBUL
_r0
_sY
_tBOOK
_u2015-6-16
_xTEOLOGIA
_zUNKNOWN
_0COMPRA
_o.STAFF. Colección General
_d58998
980 _81
_gALBERTO SANCHEZ Responsable de Automatización